Manchester City Players 2025/26 - Picture - Statistics

General Stats
  • This quiz has been taken 43 times
  • The average score is 23 of 29
Answer Stats
Picture Answer % Correct
Rodri
100%
Phil Foden
97%
Bernardo Silva
93%
Erling Haaland
93%
Gianluigi Donnarumma
93%
John Stones
93%
Nathan Aké
93%
Jérémy Doku
90%
Rúben Dias
90%
Stefan Ortega
90%
Joško Gvardiol
83%
Marc Guéhi
83%
Mateo Kovacic
83%
Omar Marmoush
83%
Savinho
83%
Kalvin Phillips
80%
Antoine Semenyo
77%
Rayan Cherki
77%
James Trafford
73%
Tijjani Reijnders
73%
Abdukodir Khusanov
70%
Nico O'Reilly
70%
Rayan Aït-Nouri
70%
Rico Lewis
70%
Matheus Nunes
67%
Nico González
67%
Oscar Bobb
67%
Marcus Bettinelli
50%
Max Alleyne
50%
No matching quizzes found
Score Distribution
Percent of People with Each Score
Percentile by Number Answered
Your Score History
You have not taken this quiz